[Event "M.Chigorin Memorial 2014"]
[Site "St. Petersburg"]
[Date "2014.10.26"]
[Round "9.52"]
[White "Harika, Dronavalli"]
[Black "Tokhirjonova, Gulrukhbegim"]
[Result "1-0"]
[WhiteElo "2528"]
[BlackElo "2160"]
[PlyCount "111"]
[EventDate "2014.10.18"]

1. Nf3 d5 2. c4 d4 3. g3 c5 4. Bg2 Nc6 5. O-O e5 6. d3 Nf6 7. b4 cxb4 8. a3
bxa3 9. Qa4 Bd7 10. Qb3 Rb8 11. e3 dxe3 12. Bxe3 Be7 13. Nxa3 O-O 14. Nc2 b6
15. d4 Na5 16. Qa2 exd4 17. Ncxd4 Qc8 18. Rfc1 Bc5 19. Bf4 Ra8 20. Qb2 Re8 21.
Be5 Qd8 22. Nb5 Ng4 23. Bd4 Nc6 24. Bxc5 bxc5 25. Rd1 Qe7 26. h3 Nf6 27. Nc7
Rab8 28. Qc3 Red8 29. Nd5 Nxd5 30. cxd5 Nb4 31. Rxa7 Qd6 32. Ne5 Be8 33. Nc4
Qf6 34. Qxf6 gxf6 35. Ne3 Bb5 36. Rc7 Na6 37. Ra7 Nb4 38. Be4 Rd7 39. Ra5 Be2
40. Rb1 Bb5 41. g4 Rdd8 42. Rb3 Rb6 43. Kh2 Rc8 44. Bf5 Rcb8 45. Ra7 Be2 46.
Rb2 Ba6 47. Rd2 c4 48. Rc7 Rd6 49. Be4 Nd3 50. Nf5 Rdb6 51. d6 Nc5 52. d7 Rd8
53. Rc8 Bxc8 54. dxc8=Q Rxc8 55. Ne7+ Kg7 56. Nxc8 1-0

[Event "M.Chigorin Memorial 2014"]
[Site "St. Petersburg"]
[Date "2014.10.26"]
[Round "9.53"]
[White "Erzhanov, Arman"]
[Black "Batchuluun, Tsegmed"]
[Result "0-1"]
[WhiteElo "2278"]
[BlackElo "2523"]
[PlyCount "108"]
[EventDate "2014.10.18"]

1. e4 e5 2. Nf3 Nc6 3. Bb5 a6 4. Bxc6 dxc6 5. O-O Qf6 6. d4 exd4 7. Bg5 Qd6 8.
Nxd4 Be7 9. Bxe7 Nxe7 10. Nc3 Bd7 11. Nde2 O-O-O 12. Qc1 Qc5 13. Qf4 f5 14. Ng3
h6 15. Rae1 Ng6 16. Qe3 Qxe3 17. fxe3 fxe4 18. Ncxe4 b6 19. b3 c5 20. Rf7 Rhg8
21. Rd1 Ne5 22. Re7 Nc6 23. Rf7 Nb4 24. c3 Be6 25. Rxd8+ Kxd8 26. Rf2 Nd5 27.
c4 Nb4 28. Nc3 Kc8 29. Nh5 Nd3 30. Rf1 Ne5 31. Nf4 Bd7 32. Nfd5 Re8 33. h3 Kb7
34. Rf4 c6 35. Nxb6 Kxb6 36. Na4+ Kc7 37. Nxc5 a5 38. Kf1 Bc8 39. Ke2 Re7 40.
Rf8 Nd7 41. Nxd7 Bxd7 42. Kd3 c5 43. g4 Bc6 44. Rf2 Be4+ 45. Kc3 Rd7 46. Kb2 g5
47. Kc1 Rd6 48. Rf7+ Kb6 49. Rf2 a4 50. Kb2 Ka5 51. Ka3 axb3 52. axb3 Rd3 53.
Rf6 Rd2 54. Rxh6 Bb1 0-1

[Event "M.Chigorin Memorial 2014"]
[Site "St. Petersburg"]
[Date "2014.10.26"]
[Round "9.54"]
[White "Yakovich, Yuri"]
[Black "Leontiev, Aleksandr V"]
[Result "1-0"]
[WhiteElo "2523"]
[BlackElo "2281"]
[PlyCount "73"]
[EventDate "2014.10.18"]

1. c4 e5 2. Nc3 Nf6 3. g3 c6 4. Nf3 e4 5. Nd4 d5 6. cxd5 Qb6 7. Nb3 a5 8. d3 a4
9. Nd2 exd3 10. Bg2 cxd5 11. exd3 Be7 12. O-O O-O 13. Nxa4 Qd4 14. Nc3 Bf5 15.
Nb3 Qxd3 16. Nd4 Qxd1 17. Rxd1 Bg4 18. f3 Bd7 19. Be3 Na6 20. Rac1 Rfc8 21. g4
h6 22. h4 Bxg4 23. fxg4 Nxg4 24. Nf5 Bxh4 25. Nxd5 Nxe3 26. Rxc8+ Rxc8 27.
Ndxe3 Bg5 28. Bxb7 Rb8 29. Bxa6 Rxb2 30. Bc4 g6 31. Rd7 gxf5 32. Nxf5 Kf8 33.
Rxf7+ Ke8 34. Ng7+ Kd8 35. Ne6+ Kc8 36. Nxg5 hxg5 37. Rg7 1-0

[Event "M.Chigorin Memorial 2014"]
[Site "St. Petersburg"]
[Date "2014.10.26"]
[Round "9.55"]
[White "Oral, Tomas"]
[Black "Miroshnichenko, Pavel"]
[Result "0-1"]
[WhiteElo "2513"]
[BlackElo "2270"]
[PlyCount "90"]
[EventDate "2014.10.18"]

1. e4 e5 2. Nf3 Nc6 3. Bb5 a6 4. Ba4 Nf6 5. O-O Be7 6. Re1 b5 7. Bb3 d6 8. c3
O-O 9. h3 Bb7 10. d4 Re8 11. Nbd2 Bf8 12. d5 Nb8 13. Nf1 Nbd7 14. N3h2 Nc5 15.
Bc2 c6 16. dxc6 Bxc6 17. Bg5 Be7 18. Bxf6 Bxf6 19. Ng4 Bg5 20. Ng3 g6 21. Ne3
Bxe3 22. Rxe3 Ra7 23. Qe1 Rd7 24. Rd1 Qg5 25. Rd2 h5 26. Qd1 h4 27. Nf1 f5 28.
Rxd6 Red8 29. Rxd7 Rxd7 30. Qe2 Kg7 31. b4 Ne6 32. Rd3 Rf7 33. Rd6 Nf4 34. Qf3
Bxe4 35. Bxe4 fxe4 36. Qg4 Qxg4 37. hxg4 Ne2+ 38. Kh2 Rxf2 39. Ne3 Nf4 40. Rd7+
Kh6 41. g5+ Kxg5 42. Re7 Kf6 43. Re8 Re2 44. Ng4+ Kg5 45. Nxe5 h3 0-1

[Event "M.Chigorin Memorial 2014"]
[Site "St. Petersburg"]
[Date "2014.10.26"]
[Round "9.56"]
[White "Sichinava, Zviad"]
[Black "Airapetian, Gor"]
[Result "0-1"]
[WhiteElo "2275"]
[BlackElo "2502"]
[PlyCount "92"]
[EventDate "2014.10.18"]

1. d4 e6 2. Nf3 Nf6 3. g3 b5 4. Bg2 Bb7 5. O-O d5 6. a4 b4 7. a5 Ba6 8. c3 Nbd7
9. Bg5 Be7 10. Nbd2 O-O 11. Re1 h6 12. Bxf6 Bxf6 13. e4 bxc3 14. bxc3 c6 15.
Qc2 Rc8 16. c4 dxe4 17. Nxe4 c5 18. Nd6 Rb8 19. Red1 Qc7 20. Ne4 Rfd8 21. Nxf6+
Nxf6 22. Ne5 Rxd4 23. Rxd4 cxd4 24. Nc6 Rc8 25. Nxd4 Qc5 26. Nb3 Qxc4 27. Qxc4
Bxc4 28. Rc1 Ba6 29. Rxc8+ Bxc8 30. Nd4 Bd7 31. Nc6 Bxc6 32. Bxc6 Kf8 33. f4
Ke7 34. Bf3 Kd6 35. Kf2 Kc5 36. Be2 Kd4 37. Kf3 Ne4 38. Bb5 f6 39. Kg4 e5 40.
Kh5 Nd6 41. Bf1 Nc4 42. Kg6 Nxa5 43. Kxg7 Nc4 44. Kxf6 e4 45. Kg7 Nd6 46. Ba6
e3 0-1

[Event "M.Chigorin Memorial 2014"]
[Site "St. Petersburg"]
[Date "2014.10.26"]
[Round "9.57"]
[White "Matsenko, Sergei"]
[Black "Kosarev, Aleksey"]
[Result "1-0"]
[WhiteElo "2485"]
[BlackElo "2237"]
[PlyCount "163"]
[EventDate "2014.10.18"]

1. Nf3 d5 2. c4 c6 3. e3 Nf6 4. Nc3 g6 5. d4 Bg7 6. Be2 O-O 7. O-O b6 8. b4 Ne4
9. Bb2 Nxc3 10. Bxc3 Bb7 11. a4 a6 12. c5 b5 13. Qc2 Nd7 14. Ra3 Qc7 15. Qb2
Rae8 16. Rfa1 f6 17. Qa2 Kh8 18. axb5 axb5 19. Ra7 Qc8 20. Nd2 e5 21. dxe5 fxe5
22. Bg4 Re7 23. Nf3 Qb8 24. Bh3 Nf6 25. Bxe5 Rxe5 26. Nxe5 Qxe5 27. Rxb7 Ne4
28. Rf1 Qc3 29. Bd7 Nxf2 30. Qe2 Bh6 31. Qe1 Qf6 32. Qa1 Bxe3 33. Qxf6+ Rxf6
34. g3 Nd3+ 35. Kg2 Rxf1 36. Kxf1 Nxb4 37. Rc7 Bxc5 38. Bxc6 Nxc6 39. Rxc6 Be7
40. Re6 Bf8 41. Re5 h5 42. Rxd5 b4 43. Rd7 Bg7 44. Rb7 Bc3 45. Ke2 Kg8 46. Ke3
Kf8 47. Ke4 Kg8 48. Kf4 Bd2+ 49. Ke5 Bc3+ 50. Ke6 Kf8 51. Rf7+ Kg8 52. Rc7 Kf8
53. Rc8+ Kg7 54. Rb8 b3 55. Rxb3 Bd4 56. Rd3 Bb2 57. Rd7+ Kf8 58. Rf7+ Kg8 59.
Rb7 Bc3 60. h3 Ba1 61. Rb3 Kg7 62. Rb1 Bc3 63. Rc1 Bb2 64. Rc2 Ba1 65. h4 Bd4
66. Rc7+ Kg8 67. Rc4 Bb2 68. g4 hxg4 69. Rxg4 Kh7 70. Kf7 Kh6 71. Rxg6+ Kh5 72.
Rg2 Bc3 73. Rh2 Ba5 74. Kf6 Bd8+ 75. Kf5 Be7 76. Rh1 Bd8 77. Re1 Bb6 78. Rb1
Bf2 79. Kf4 Bd4 80. Kg3 Bf6 81. Rb5+ Kg6 82. Kg4 1-0

[Event "M.Chigorin Memorial 2014"]
[Site "St. Petersburg"]
[Date "2014.10.26"]
[Round "9.58"]
[White "Shapiro, David"]
[Black "Smirnov, Artem"]
[Result "0-1"]
[WhiteElo "2236"]
[BlackElo "2450"]
[PlyCount "90"]
[EventDate "2014.10.18"]

1. Nf3 Nf6 2. c4 e6 3. g3 b6 4. Bg2 Bb7 5. d4 Bb4+ 6. Bd2 c5 7. O-O O-O 8. Bxb4
cxb4 9. Nbd2 d5 10. Ne5 a5 11. Re1 Na6 12. e3 Rc8 13. Rc1 Qe7 14. Qe2 Nb8 15.
b3 Ne4 16. Nxe4 dxe4 17. f3 f6 18. Ng4 exf3 19. Bxf3 Bxf3 20. Qxf3 Nd7 21. Nf2
e5 22. d5 f5 23. e4 f4 24. g4 Rf6 25. Kf1 Nc5 26. Rcd1 Rh6 27. h3 Nb7 28. Ke2
Qh4 29. Nd3 Re8 30. Rh1 Nd6 31. Rc1 Qg5 32. Kd2 Qf6 33. Kc2 Nf7 34. Nf2 Qh4 35.
Kb1 Ng5 36. Qe2 Qg3 37. Rcg1 Qe3 38. Re1 Rf8 39. Qf1 Qg3 40. Rg1 Qc3 41. Rc1
Qe3 42. Re1 Nf3 43. Rxe3 fxe3 44. Kc1 Nxg1 45. Qxg1 exf2 0-1

[Event "M.Chigorin Memorial 2014"]
[Site "St. Petersburg"]
[Date "2014.10.26"]
[Round "9.59"]
[White "Klukin, Kirill"]
[Black "Ziaziulkina, Nastassia"]
[Result "0-1"]
[WhiteElo "2234"]
[BlackElo "2429"]
[PlyCount "64"]
[EventDate "2014.10.18"]

1. d4 d5 2. Nf3 Nf6 3. c4 c6 4. e3 Bg4 5. Nc3 e6 6. Qb3 Qb6 7. Nh4 Bh5 8. h3
Nbd7 9. g4 Bg6 10. Nxg6 hxg6 11. Bg2 g5 12. Bd2 Be7 13. O-O-O Qxb3 14. axb3
O-O-O 15. Kc2 Nb8 16. c5 Na6 17. Ne2 e5 18. dxe5 Nd7 19. Bc3 Ndxc5 20. f4 Rhe8
21. Ng3 g6 22. Rhf1 Rd7 23. f5 Bd8 24. e4 d4 25. Rxd4 Rxd4 26. Bxd4 Nb4+ 27.
Kc3 Na2+ 28. Kc4 b5+ 29. Kxc5 Kd7 30. e6+ fxe6 31. fxe6+ Rxe6 32. Rf7+ Re7 0-1

[Event "M.Chigorin Memorial 2014"]
[Site "St. Petersburg"]
[Date "2014.10.26"]
[Round "9.60"]
[White "Severina, Maria"]
[Black "Usmanov, Vasily"]
[Result "0-1"]
[WhiteElo "2229"]
[BlackElo "2427"]
[PlyCount "68"]
[EventDate "2014.10.18"]

1. Nf3 Nf6 2. c4 e6 3. Nc3 d5 4. d4 Be7 5. Bf4 O-O 6. e3 Nbd7 7. c5 Ne4 8. Bd3
f5 9. Ne5 Bf6 10. Nxd7 Bxd7 11. Nxe4 fxe4 12. Be2 Be8 13. O-O Qe7 14. Qb3 b6
15. Qc3 bxc5 16. Qxc5 Qxc5 17. dxc5 e5 18. Bg3 Rb8 19. b3 Bb5 20. Bxb5 Rxb5 21.
c6 Kf7 22. f3 exf3 23. gxf3 h5 24. h3 Ke6 25. Rac1 g6 26. f4 e4 27. f5+ gxf5
28. Bxc7 Rc8 29. Bf4 d4 30. exd4 Bxd4+ 31. Kg2 Rc5 32. c7 Rxc1 33. Rxc1 Be5 34.
Kg3 h4+ 0-1

[Event "M.Chigorin Memorial 2014"]
[Site "St. Petersburg"]
[Date "2014.10.26"]
[Round "9.61"]
[White "Kiselev, Pavel"]
[Black "Ponomarev, Dmitry"]
[Result "0-1"]
[WhiteElo "2216"]
[BlackElo "2413"]
[PlyCount "71"]
[EventDate "2014.10.18"]

1. e4 d6 2. d4 Nf6 3. Bd3 e5 4. d5 Nbd7 5. Nc3 g6 6. Bg5 Bg7 7. f3 h6 8. Be3 c6
9. Bc4 Nb6 10. Bb3 cxd5 11. exd5 Nfd7 12. Ne4 Qc7 13. c4 f5 14. c5 dxc5 15. d6
Qc6 16. Nxc5 Nxc5 17. Rc1 Nbd7 18. Bc4 Bf8 19. Bxc5 Nxc5 20. b4 Qxd6 21. Qxd6
Bxd6 22. bxc5 Bf8 23. Bd5 Rb8 24. Nh3 Rh7 25. O-O Rc7 26. Rfe1 Bxc5+ 27. Kf1
Bd6 28. Rxc7 Bxc7 29. Nf4 Ke7 30. Nxg6+ Kf6 31. Nh4 Bd7 32. g3 Bb5+ 33. Kg2 Rd8
34. Bb3 Rd2+ 35. Kh3 Rf2 36. Rc1 0-1

[Event "M.Chigorin Memorial 2014"]
[Site "St. Petersburg"]
[Date "2014.10.26"]
[Round "9.62"]
[White "Slavin, Alexey"]
[Black "Semenova, Irina"]
[Result "1-0"]
[WhiteElo "2397"]
[BlackElo "2220"]
[PlyCount "69"]
[EventDate "2014.10.18"]

1. d4 Nf6 2. Nf3 g6 3. c4 Bg7 4. Nc3 O-O 5. e4 d6 6. h3 e5 7. d5 Nh5 8. g3 f5
9. exf5 gxf5 10. Bg5 Qe8 11. Be2 Na6 12. Nh4 Nf6 13. Qc2 Nb4 14. Qb3 a5 15. a3
Na6 16. Qc2 e4 17. O-O-O Nd7 18. g4 Ndc5 19. Nxf5 Bxf5 20. gxf5 Rxf5 21. Rhg1
Kh8 22. Be3 Nb4 23. axb4 axb4 24. Rxg7 Kxg7 25. Bxc5 dxc5 26. Nxe4 Qe5 27. Kb1
b6 28. Bg4 Rf4 29. f3 Kg8 30. h4 Rf7 31. Ng5 Re7 32. Qe4 Qf6 33. Ne6 Ree8 34.
h5 h6 35. Qe2 1-0

[Event "M.Chigorin Memorial 2014"]
[Site "St. Petersburg"]
[Date "2014.10.26"]
[Round "9.63"]
[White "Vastrukhin, Oleg"]
[Black "Abdusattorova, Bakhora"]
[Result "1/2-1/2"]
[WhiteElo "2397"]
[BlackElo "2202"]
[PlyCount "117"]
[EventDate "2014.10.18"]

1. Nf3 Nf6 2. g3 g6 3. Bg2 Bg7 4. O-O O-O 5. c4 d5 6. d4 c6 7. cxd5 cxd5 8. Nc3
Ne4 9. Bf4 Nc6 10. Rc1 Nxc3 11. bxc3 Bg4 12. Re1 h6 13. h3 Bf5 14. Nd2 g5 15.
Be3 Qd7 16. Kh2 Rac8 17. Nb3 b6 18. c4 dxc4 19. Rxc4 Rfd8 20. Qc1 Nb4 21. Rxc8
Rxc8 22. Qd2 Qa4 23. g4 Rc2 24. Qd1 Bg6 25. d5 Nxa2 26. Nd4 Be5+ 27. Kh1 Bxd4
28. Qxd4 Qxd4 29. Bxd4 Rc1 30. Rxc1 Nxc1 31. e4 Ne2 32. Be3 Kf8 33. f3 f6 34.
Bf1 Nf4 35. h4 h5 36. hxg5 fxg5 37. gxh5 Bxh5 38. Bg2 e6 39. dxe6 Ke7 40. Kh2
Kxe6 41. Kg3 Ke5 42. Bf1 Ne6 43. Bh3 Nf4 44. Bf1 Ne6 45. Bh3 Nd4 46. Bg2 Ne2+
47. Kf2 Nf4 48. Kg3 Nxg2 49. Kxg2 g4 50. fxg4 Bxg4 51. Kf1 Kxe4 52. Bf2 Kd5 53.
Ke1 Kc6 54. Kd2 Kb7 55. Kc3 Be6 56. Be3 b5 57. Kb4 a6 58. Ka5 Kc6 59. Bg1
1/2-1/2

[Event "M.Chigorin Memorial 2014"]
[Site "St. Petersburg"]
[Date "2014.10.26"]
[Round "9.64"]
[White "Saveliev, Alexei"]
[Black "Ponfilenok, Vladimir"]
[Result "1/2-1/2"]
[WhiteElo "2207"]
[BlackElo "2389"]
[PlyCount "62"]
[EventDate "2014.10.18"]

1. e4 e6 2. d4 d5 3. Nc3 Bb4 4. e5 c5 5. Bd2 Ne7 6. Nb5 Bxd2+ 7. Qxd2 O-O 8. f4
Nbc6 9. Nf3 Nxd4 10. Nbxd4 cxd4 11. Bd3 f6 12. exf6 Rxf6 13. O-O-O Qd6 14. Ne5
Bd7 15. Rhf1 Be8 16. Rde1 Bg6 17. Bxg6 Nxg6 18. Qxd4 Qa6 19. Kb1 Nxe5 20. Qxe5
Rd8 21. Rf3 Qd6 22. Qd4 b6 23. g3 Rc8 24. Rfe3 h6 25. c3 Rc4 26. Qd3 Rc6 27.
Re5 Qd7 28. Qe3 Qf7 29. Qd3 Qd7 30. Qe3 Qf7 31. Qd3 Qd7 1/2-1/2

[Event "M.Chigorin Memorial 2014"]
[Site "St. Petersburg"]
[Date "2014.10.26"]
[Round "9.65"]
[White "Nanjo, Ryosuke"]
[Black "Vorobjev, Dmitry"]
[Result "1/2-1/2"]
[WhiteElo "2384"]
[BlackElo "2199"]
[PlyCount "115"]
[EventDate "2014.10.18"]

1. e4 c5 2. Nf3 d6 3. d4 Nf6 4. dxc5 Nxe4 5. cxd6 Nc6 6. dxe7 Qxd1+ 7. Kxd1
Nxf2+ 8. Ke1 Nxh1 9. exf8=Q+ Rxf8 10. Bd3 Bg4 11. Nc3 O-O-O 12. Be3 Rfe8 13.
Kd2 Bxf3 14. gxf3 Ne5 15. Ke2 Nxd3 16. cxd3 Nf2 17. Kxf2 Rxd3 18. Rc1 Kd7 19.
Bf4 Rd4 20. Ne4 Rc8 21. Rxc8 Kxc8 22. Be5 Rd7 23. Ke3 f6 24. Bd4 Kc7 25. Kd3
Kc6 26. a4 Rd5 27. b4 b6 28. Ng3 Rd7 29. Nf5 Kd5 30. f4 Ke6 31. Ne3 Rc7 32. a5
bxa5 33. f5+ Kd6 34. bxa5 Kc6 35. Kc4 Rd7 36. Nc2 a6 37. Nb4+ Kb7 38. Nd3 Kc6
39. Bc3 Re7 40. Nc5 Re2 41. Nxa6 Rxh2 42. Nb4+ Kc7 43. a6 Rh5 44. Nd5+ Kb8 45.
Bd4 Rxf5 46. a7+ Kb7 47. Nc7 Ra5 48. a8=Q+ Rxa8 49. Nxa8 Kxa8 50. Kd5 Kb7 51.
Ke6 h5 52. Bf2 Kc6 53. Kf7 h4 54. Bxh4 g5 55. Bf2 f5 56. Kf6 g4 57. Kxf5 g3 58.
Bxg3 1/2-1/2

[Event "M.Chigorin Memorial 2014"]
[Site "St. Petersburg"]
[Date "2014.10.26"]
[Round "9.66"]
[White "Yandemirov, Valeri"]
[Black "Savinov, Leonid"]
[Result "1-0"]
[WhiteElo "2375"]
[BlackElo "2184"]
[PlyCount "99"]
[EventDate "2014.10.18"]

1. Nf3 Nf6 2. g3 b6 3. Bg2 Bb7 4. O-O e6 5. d4 Be7 6. c4 O-O 7. Nc3 d5 8. Qb3
Nc6 9. cxd5 Na5 10. Qc2 exd5 11. Rd1 Nc4 12. Ne5 Nd6 13. Bg5 c6 14. Rac1 Rc8
15. Bh3 Ra8 16. Nb1 c5 17. dxc5 bxc5 18. Bxf6 Bxf6 19. Nd7 Ne4 20. Nxf8 Qxf8
21. Bg2 Rc8 22. Nc3 Bxc3 23. Bxe4 dxe4 24. Qxc3 Qe7 25. Qd2 Kf8 26. Qd7 Rc7 27.
Qxe7+ Kxe7 28. Rc4 f5 29. Rdc1 Kd6 30. b4 e3 31. fxe3 Be4 32. Rxc5 Rd7 33. a3
h5 34. h4 g5 35. hxg5 Rg7 36. R1c4 Ke6 37. Kf2 Rd7 38. Rd4 Rh7 39. g6 Rg7 40.
Ra5 Kf6 41. Rd6+ Kg5 42. Rda6 Kg4 43. Rxa7 Rxg6 44. R5a6 Rg8 45. Rh6 Kg5 46.
Rah7 Ra8 47. Rxh5+ Kg6 48. R5h6+ Kg5 49. Rd6 Rxa3 50. Rhh6 1-0

[Event "M.Chigorin Memorial 2014"]
[Site "St. Petersburg"]
[Date "2014.10.26"]
[Round "9.67"]
[White "Gogin, Maksim"]
[Black "Lobanov, Sergei"]
[Result "0-1"]
[WhiteElo "2201"]
[BlackElo "2372"]
[PlyCount "46"]
[EventDate "2014.10.18"]

1. d4 Nf6 2. Bg5 Ne4 3. Bf4 d5 4. f3 Nf6 5. Nc3 e6 6. e4 Bb4 7. Qd3 O-O 8.
O-O-O b6 9. Nge2 Ba6 10. Qe3 c5 11. exd5 Bxc3 12. Nxc3 Nxd5 13. Nxd5 Qxd5 14.
c4 cxd4 15. cxd5 dxe3 16. Bxa6 Nxa6 17. dxe6 e2 18. Rd2 fxe6 19. Bg3 Rfd8 20.
Rxe2 Kf7 21. Rhe1 Nc5 22. Rd1 Rac8 23. Rxd8 Nb3+ 0-1

[Event "M.Chigorin Memorial 2014"]
[Site "St. Petersburg"]
[Date "2014.10.26"]
[Round "9.68"]
[White "Grigorjev, Iljya"]
[Black "Sadovsky, Artem"]
[Result "1-0"]
[WhiteElo "2203"]
[BlackElo "2364"]
[PlyCount "107"]
[EventDate "2014.10.18"]

1. e4 d6 2. d4 g6 3. Nf3 Bg7 4. Bc4 c5 5. dxc5 Qa5+ 6. c3 Qxc5 7. Qb3 e6 8. Be3
Qc7 9. O-O Nf6 10. Nbd2 O-O 11. Rad1 Nc6 12. Qa3 Rd8 13. Bf4 h6 14. Rfe1 Bf8
15. Qa4 Bd7 16. Qc2 Ng4 17. Bf1 Nge5 18. Nxe5 Nxe5 19. Nf3 Ba4 20. Qd2 Kh7 21.
Re3 g5 22. Bg3 Qb6 23. Qd4 Qxd4 24. Rxd4 Be8 25. Re1 Rdc8 26. Red1 a5 27. Nd2
b5 28. Nf3 Nxf3+ 29. gxf3 e5 30. Rd5 Bc6 31. Rxd6 Bxd6 32. Rxd6 b4 33. Bh3 bxc3
34. bxc3 Bb5 35. Bf5+ Kg8 36. Bxc8 Rxc8 37. Bxe5 Rc6 38. Rxc6 Bxc6 39. Kf1 Bb5+
40. Ke1 Kf8 41. Kd2 Ke7 42. Ke3 f6 43. Bc7 a4 44. f4 Kd7 45. Bb8 Bc4 46. a3 Bb3
47. f5 Kc6 48. Kd4 Bc2 49. Ba7 Bb1 50. Ke3 Kd6 51. Bd4 Ke7 52. c4 Ba2 53. c5
Bb1 54. Bxf6+ 1-0

[Event "M.Chigorin Memorial 2014"]
[Site "St. Petersburg"]
[Date "2014.10.26"]
[Round "9.69"]
[White "Zhikharev, Valeriy"]
[Black "Kozlitin, Oleg"]
[Result "0-1"]
[WhiteElo "2188"]
[BlackElo "2348"]
[PlyCount "98"]
[EventDate "2014.10.18"]

1. d4 Nf6 2. c4 g6 3. Nc3 Bg7 4. Nf3 O-O 5. Bg5 h6 6. Bh4 d6 7. e3 Bf5 8. Be2
Nbd7 9. Nd2 g5 10. Bg3 e5 11. O-O Re8 12. b4 Nf8 13. Rc1 Ng6 14. Nb3 Qe7 15.
Na5 Rab8 16. Bf3 exd4 17. exd4 Be4 18. h3 Qe6 19. c5 Nh4 20. Bxh4 gxh4 21. Re1
Qf5 22. Nxe4 Nxe4 23. cxd6 cxd6 24. Rc7 Qd5 25. Qb3 Qxb3 26. Nxb3 f5 27. Rec1
Bf8 28. Bh5 Re7 29. Bg6 d5 30. Bxf5 Rbe8 31. Bg6 Rxc7 32. Rxc7 Re7 33. Rxe7
Bxe7 34. a3 Nd6 35. Bd3 Nc4 36. Bxc4 dxc4 37. Na1 Kf7 38. Kf1 Ke6 39. Ke2 Bg5
40. Nc2 Kd5 41. a4 Ke4 42. g3 hxg3 43. fxg3 Bf6 44. Kd2 Kf3 45. h4 h5 46. Kc3
Kxg3 47. Kxc4 Bxh4 48. Ne3 Bg5 49. Kd3 Bxe3 0-1

[Event "M.Chigorin Memorial 2014"]
[Site "St. Petersburg"]
[Date "2014.10.26"]
[Round "9.70"]
[White "Zhurikhin, Alexander"]
[Black "Klyuev, Alexander S"]
[Result "0-1"]
[WhiteElo "2347"]
[BlackElo "2181"]
[PlyCount "100"]
[EventDate "2014.10.18"]

1. e4 c5 2. Nf3 e6 3. d3 Nc6 4. g3 d6 5. Bg2 Nf6 6. O-O Be7 7. c3 O-O 8. a3 c4
9. dxc4 Nxe4 10. b4 Nf6 11. Qe2 Qc7 12. Rd1 e5 13. Nbd2 Bg4 14. h3 Bh5 15. g4
Bg6 16. Nh4 Nd8 17. Nf1 Ne6 18. Ng3 Rfe8 19. Nxg6 hxg6 20. g5 Nd7 21. Bd5 Bf8
22. Qe4 Rab8 23. Be3 Nb6 24. Bxb6 Qxb6 25. h4 Nf4 26. h5 Nxd5 27. cxd5 gxh5 28.
Nxh5 Qd8 29. Qg4 Qc8 30. Qg3 Qf5 31. Kh2 Be7 32. Rg1 g6 33. Nf6+ Bxf6 34. gxf6
Qxf6 35. Kg2 e4 36. Rh1 Re5 37. Rh4 Rg5 38. Rg4 Rxg4 39. Qxg4 Qxc3 40. Rh1 Qe5
41. Qh4 Re8 42. Qh7+ Kf8 43. Qh6+ Ke7 44. Qh4+ Kd7 45. Qg4+ Qf5 46. Qd1 Qg5+
47. Kf1 e3 48. Qa4+ Kd8 49. fxe3 Qxe3 50. Qa5+ b6 0-1

[Event "M.Chigorin Memorial 2014"]
[Site "St. Petersburg"]
[Date "2014.10.26"]
[Round "9.71"]
[White "Duzhakov, Ilya"]
[Black "Nazaretyan, Tigran"]
[Result "1-0"]
[WhiteElo "2341"]
[BlackElo "2168"]
[PlyCount "87"]
[EventDate "2014.10.18"]

1. d4 Nf6 2. c4 e6 3. Nf3 Bb4+ 4. Nbd2 c5 5. a3 Bxd2+ 6. Qxd2 Ne4 7. Qc2 d5 8.
dxc5 Nc6 9. e3 Qa5+ 10. Nd2 Nxd2 11. Bxd2 Qxc5 12. Rc1 a5 13. b4 axb4 14. axb4
Qd6 15. Qb2 f6 16. b5 Ne5 17. Bb4 Qb6 18. c5 Qa7 19. Bc3 Bd7 20. Be2 Nc4 21.
Qb4 Qa3 22. Bh5+ g6 23. Qxa3 Rxa3 24. Bf3 Ne5 25. c6 bxc6 26. bxc6 Nxf3+ 27.
gxf3 Bxc6 28. Bxf6 Rf8 29. Bg7 Rf7 30. Rxc6 Rxg7 31. O-O Re7 32. Rb1 Kf7 33.
Kg2 Rd7 34. Rbb6 e5 35. Rf6+ Kg7 36. Rfe6 d4 37. Rxe5 dxe3 38. fxe3 Rdd3 39.
Rb7+ Kf6 40. Rbe7 h5 41. R5e6+ Kf5 42. h4 Rd1 43. Kg3 Rg1+ 44. Kf2 1-0

[Event "M.Chigorin Memorial 2014"]
[Site "St. Petersburg"]
[Date "2014.10.26"]
[Round "9.72"]
[White "Yandarbiev, Ruslan"]
[Black "Zherebtsova, Alexandra"]
[Result "1-0"]
[WhiteElo "2339"]
[BlackElo "2142"]
[PlyCount "52"]
[EventDate "2014.10.18"]

1. e4 e5 2. Nf3 Nc6 3. Bb5 a6 4. Ba4 Nf6 5. O-O Be7 6. Re1 b5 7. Bb3 O-O 8. h3
d6 9. c3 Na5 10. Bc2 c5 11. d4 Nd7 12. Nbd2 exd4 13. cxd4 Nc6 14. Nf1 Bf6 15.
Be3 Qb6 16. e5 dxe5 17. dxc5 Qc7 18. Ng3 Bb7 19. Ne4 Nb4 20. Bb1 Rad8 21. Nfg5
Bxg5 22. Bxg5 f5 23. Qb3+ Nd5 24. Bd2 Nxc5 25. Nxc5 Qxc5 26. Ba5 Rd6 1-0

[Event "M.Chigorin Memorial 2014"]
[Site "St. Petersburg"]
[Date "2014.10.26"]
[Round "9.73"]
[White "Kobzar, Alexandr"]
[Black "Bublei, Pavel"]
[Result "0-1"]
[WhiteElo "2176"]
[BlackElo "2339"]
[PlyCount "56"]
[EventDate "2014.10.18"]

1. e4 c6 2. d4 d5 3. Nc3 dxe4 4. Nxe4 Nd7 5. Bd3 Ngf6 6. Ng5 e6 7. Qe2 Bd6 8.
N1f3 h6 9. Ne4 Nxe4 10. Qxe4 c5 11. Bd2 Nf6 12. Bb5+ Bd7 13. Qxb7 Rb8 14. Bxd7+
Nxd7 15. Qxa7 Rxb2 16. Qa6 Qb8 17. Bc3 Rb1+ 18. Ke2 Rb6 19. Qd3 O-O 20. Rhd1 c4
21. Qxc4 Rc8 22. Qd3 e5 23. dxe5 Nxe5 24. Nxe5 Bxe5 25. Bxe5 Qxe5+ 26. Qe3
Rxc2+ 27. Kf1 Qxe3 28. fxe3 Rbb2 0-1

[Event "M.Chigorin Memorial 2014"]
[Site "St. Petersburg"]
[Date "2014.10.26"]
[Round "9.74"]
[White "Vunder, Andrey"]
[Black "Ovod, Evgenija"]
[Result "1-0"]
[WhiteElo "2181"]
[BlackElo "2325"]
[PlyCount "81"]
[EventDate "2014.10.18"]

1. d4 f5 2. Nf3 d6 3. c4 g6 4. Nc3 Nf6 5. e3 Bg7 6. Be2 O-O 7. b4 a5 8. b5 c5
9. bxc6 bxc6 10. O-O h6 11. Rb1 g5 12. Qc2 Na6 13. a3 Nh7 14. Rd1 g4 15. Nh4
Qe8 16. f4 e5 17. dxe5 dxe5 18. g3 e4 19. Na4 Be6 20. c5 Nc7 21. Nb6 Ra7 22.
Bc4 Bxc4 23. Qxc4+ Qe6 24. Rd6 Qxc4 25. Nxc4 Nb5 26. Rxc6 Nc3 27. Rb2 Nd5 28.
Rc2 Ne7 29. Rd6 Nf6 30. Nb6 Ne8 31. Rd1 Nc6 32. Bb2 Bxb2 33. Rxb2 Ng7 34. Rd6
Rc7 35. Nd5 Rfc8 36. Nxc7 Rxc7 37. Ng6 Kh7 38. Rb6 Na7 39. Rb8 Nc8 40. Nf8+ Kg8
41. Rd8 1-0

[Event "M.Chigorin Memorial 2014"]
[Site "St. Petersburg"]
[Date "2014.10.26"]
[Round "9.75"]
[White "Batyuk, Artem"]
[Black "Lagashin, Pavel"]
[Result "1-0"]
[WhiteElo "2324"]
[BlackElo "2138"]
[PlyCount "87"]
[EventDate "2014.10.18"]

1. e4 c5 2. Nf3 e6 3. b3 d6 4. d4 cxd4 5. Nxd4 Nf6 6. Bd3 Be7 7. Bb2 a6 8. c4
O-O 9. O-O b6 10. Nc3 Bb7 11. Qe2 Nbd7 12. Rae1 Ne5 13. Bb1 g5 14. Nf3 Nfd7 15.
Nxe5 Nxe5 16. Qh5 f6 17. f4 gxf4 18. Rxf4 Qe8 19. Qh3 Qf7 20. Ne2 Ng6 21. Rg4
e5 22. Ng3 Kh8 23. Nf5 Bc8 24. Rxg6 Qxg6 25. Nxe7 Bxh3 26. Nxg6+ hxg6 27. gxh3
b5 28. Bd3 b4 29. a4 a5 30. Rd1 Rfd8 31. Be2 Kg7 32. h4 Kf7 33. h5 g5 34. Bg4
Ke7 35. Bf5 Rh8 36. Bg6 Ra6 37. Kg2 Raa8 38. Kg3 Ra6 39. Bc1 Raa8 40. Be3 Ra6
41. Rd5 Rb8 42. h6 Kf8 43. Kg4 Ke7 44. Kf5 1-0

[Event "M.Chigorin Memorial 2014"]
[Site "St. Petersburg"]
[Date "2014.10.26"]
[Round "9.76"]
[White "Leite, Catarina"]
[Black "Gorozhanin, Mikhail"]
[Result "0-1"]
[WhiteElo "2154"]
[BlackElo "2317"]
[PlyCount "100"]
[EventDate "2014.10.18"]

1. e4 c6 2. d4 d5 3. Nc3 g6 4. Nf3 Bg7 5. h3 dxe4 6. Nxe4 Nd7 7. Bd3 Ngf6 8.
Nxf6+ Nxf6 9. O-O O-O 10. Re1 Qd6 11. Bg5 Bf5 12. Bxf5 gxf5 13. Ne5 Ne4 14. Bf4
Qd5 15. c3 c5 16. Qh5 f6 17. Ng4 cxd4 18. cxd4 e6 19. Nh6+ Bxh6 20. Bxh6 Qxd4
21. Qh4 Rf7 22. Rad1 Qb6 23. Re3 Kh8 24. Red3 Qc7 25. f3 Ng3 26. Kf2 Rg8 27. b3
e5 28. Qc4 f4 29. Qe6 Qc2+ 30. Kg1 Nf5 31. g4 Nxh6 32. Rd7 Rgf8 33. R1d2 Qc1+
34. Kh2 Qe1 35. Rg2 Rxd7 36. Qxd7 Qh4 37. g5 fxg5 38. Qe7 Rf7 39. Qe8+ Kg7 40.
Qxe5+ Kg6 41. Qe6+ Rf6 42. Qe8+ Kg7 43. Qe7+ Nf7 44. Qxb7 a6 45. Qa7 Rd6 46.
Qg1 Ne5 47. Rxg5+ Rg6 48. Rxg6+ hxg6 49. Qg2 Qe1 50. a3 Qe3 0-1